| 000 | 00755nam a2200217Ii 4500 | ||
|---|---|---|---|
| 003 | JO-AjNU | ||
| 008 | 230605s9999||||xx |||||||||||||| ||und|| | ||
| 017 | _a2010/5/1532 | ||
| 040 |
_aJO-AjNU _bara _erda _cJO-AjNU |
||
| 041 | _aara | ||
| 050 | 1 | 4 | _aBP173.75.A74 2011 |
| 100 | 3 |
_aعقل، نادية حسن محمد, _eauthor _930646 |
|
| 245 | 0 | 0 | _aنظرية التوزيع في الإقتصاد الإسلامي : دراسة تأصيلية - تطبيقية |
| 250 | _aط1 | ||
| 264 | 3 | 1 | _aعمان: دار النفائس للنشر و التوزيع، 2011 |
| 300 | _a342ص | ||
| 336 |
_atext _btxt _2rdacontent |
||
| 337 |
_aunmediated _bn _2rdamedia |
||
| 338 |
_avolume _bnc _2rdacarrier |
||
| 650 | 4 |
_aالاقتصاد الاسلامي _930647 |
|
| 999 |
_aA12172 _c15740 _d15740 |
||